| 000 | 02644nam a2200505 i 4500 | ||
|---|---|---|---|
| 001 | ssj0003284740 | ||
| 003 | EG-ScBUE | ||
| 005 | 20250511111023.0 | ||
| 008 | 240921r20232021enka f d 001 0 eng d | ||
| 020 | _z9780500296387 | ||
| 040 |
_aMiAaPQ _beng _erda _cMiAaPQ _dMiAaPQ _dWaSeSS _dEG-ScBUE |
||
| 082 | 0 | 4 |
_a610.28 _222 _bKAP |
| 100 | 1 |
_aKapsali, Veronika, _eauthor. |
|
| 245 | 1 | 0 |
_aBiomimetics for Designers : _bappkying nature's processes & materials in the real world / _cVeronika Kapsali. |
| 250 | _aReprint edition. | ||
| 264 | 1 |
_aLondon : _bThames & Hudson Ltd, _c2023. |
|
| 300 |
_a240 pages : _bcolor illustrations ; _c28 cm |
||
| 336 |
_2rdacontent _atext _btxt |
||
| 337 |
_2rdamedia _aunmediated _bn |
||
| 338 |
_2rdacarrier _avolume _bnc |
||
| 500 | _aIncludes index. | ||
| 500 | _aIncludes glossary. | ||
| 506 | _aAvailable on campus and off campus with authorized login. | ||
| 588 | _aDescription based on print version record. | ||
| 590 | _aElectronic reproduction. Ann Arbor, MI : ProQuest, 2018. Available via World Wide Web. Access may be limited to ProQuest affiliated libraries. | ||
| 650 | 7 |
_aBiomimetics. _2BUEsh |
|
| 650 | 7 |
_aDesign and technology. _2BUEsh |
|
| 653 |
_cMay2025 _bART |
||
| 655 | _vReading book | ||
| 856 | 4 | 0 |
_aSOUTHEAST _uhttps://BZ6FJ9FL8E.search.serialssolutions.com/ejp/?libHash=BZ6FJ9FL8E#/search/?searchControl=title&searchType=title_code&criteria=TC0003284740 |
| 856 | 4 | 0 |
_aBLOOMINGTON _uhttps://KG6EK7CQ2B.search.serialssolutions.com/ejp/?libHash=KG6EK7CQ2B#/search/?searchControl=title&searchType=title_code&criteria=TC0003284740 |
| 856 | 4 | 0 |
_aEAST _uhttps://MN3KU4AR6Y.search.serialssolutions.com/ejp/?libHash=MN3KU4AR6Y#/search/?searchControl=title&searchType=title_code&criteria=TC0003284740 |
| 856 | 4 | 0 |
_aNORTHWEST _uhttps://PS6EE4GK2T.search.serialssolutions.com/ejp/?libHash=PS6EE4GK2T#/search/?searchControl=title&searchType=title_code&criteria=TC0003284740 |
| 856 | 4 | 0 |
_aINDIANAPOLIS _uhttps://RX8KL6YF4X.search.serialssolutions.com/ejp/?libHash=RX8KL6YF4X#/search/?searchControl=title&searchType=title_code&criteria=TC0003284740 |
| 856 | 4 | 0 |
_aSOUTH BEND _uhttps://TT5XG8QF8P.search.serialssolutions.com/ejp/?libHash=TT5XG8QF8P#/search/?searchControl=title&searchType=title_code&criteria=TC0003284740 |
| 856 | 4 | 0 |
_aCOLUMBUS _uhttps://RX8KL6YF4X.search.serialssolutions.com/ejp/?libHash=RX8KL6YF4X#/search/?searchControl=title&searchType=title_code&criteria=TC0003284740 |
| 942 |
_2ddc _cBB |
||
| 949 | _hseasebook | ||
| 949 | _hwellsebook | ||
| 949 | _heaebook | ||
| 949 | _hnwstebook | ||
| 949 | _hulebook | ||
| 949 | _hsbenebook | ||
| 949 | _hcoebook | ||
| 999 |
_c30962 _d30933 |
||